000
00359nam a2200157Ia 4500
003
0STCL
008
150530s9999 xx 000 0 und d
040
_a
STCL
_c
STCL
100
_a
Stephen, L.
245
_a
Studies of a biographer vol-II
260
_b
Duckworth
_c
1910
546
_a
English
942
_2
ddc
_c
BK
999
_c
51678
_d
51678
005
20220125170845.0